Diseño, construcción y puesta en marcha de una base móvil omnidireccional para el Laboratorio ARCOS-lab
Kaydedildi:
| Yazar: | |
|---|---|
| Diğer Yazarlar: | |
| Materyal Türü: | Kitap |
| Dil: | Spanish |
| Baskı/Yayın Bilgisi: |
[San José, Costa Rica]
2015
|
| Konular: | |
| Etiketler: |
Etiketle
Etiket eklenmemiş, İlk siz ekleyin!
|
MARC
| LEADER | 00000nam a22000007a 4500 | ||
|---|---|---|---|
| 003 | 012448 | ||
| 005 | 20230907142158.0 | ||
| 008 | 160811b2015 cr a|||| |||| 00| ||spa d | ||
| 040 | |c cru CEDI | ||
| 090 | |a TFG 7606 | ||
| 100 | |9 1433 |a Gómez Salazar, Luis Federico , 1984- | ||
| 245 | |a Diseño, construcción y puesta en marcha de una base móvil omnidireccional para el Laboratorio ARCOS-lab | ||
| 260 | |a [San José, Costa Rica] |c 2015 | ||
| 300 | |a xii, 106 hojas; ilustraciones a color | ||
| 500 | |a Tesis de graduación (licenciatura en ingeniería eléctrica)--Universidad de Costa Rica. Facultad de Ingeniería. Escuela de Ingeniería Eléctrica | ||
| 501 | |a Director de Tesis de Graduación: Ing. Federico Ruiz Ugalde, Dr. rer. nat. | ||
| 650 | |x MANIPULADORES (MECANICOS) - DISEÑO |x PLATAFORMA MECANICA - DISEÑO Y CONSTRUCCION |x ROBOTS AUTONOMOS |x ROBOTS AUTONOMOS- CONTROL AUTOMATICO |x SERVOMECANISMOS |x INTELIGENCIA ARTIFICIAL - APLICACIONES INDUSTRIALES |x SISTEMAS DE CONTROL DE AUTOMATAS |9 5289 | ||
| 700 | |9 714 |a Ruiz Ugalde, Federico, 1980- |d Director de TFG | ||
| 942 | |c CEDI | ||
| 999 | |c 17029 |d 17029 | ||
